000 00926nam a22002657a 4500
005 20240530110346.0
008 141209s2010 ua d grb 000 0 ara d
017 _a19421/2009
_bمصر . دار الكتب المصرية
020 _a9789774221784
040 _aEG-CaGPL
041 0 _aara
082 0 4 _221
_a352.106\
_bف إ
100 0 _aفريد النجار
245 1 0 _aادارة منظمات المجتمع المدنى /
_cفريد النجار
250 _aط 1
260 _aالاسكندرية :
_bالدار الجامعية ،
_c2010
300 _a348 ص :
_bايض ؛
_c24 سم
504 _aببليوجرافية : ص347 - 348
650 0 4 _aالمجتمع المدنى
_zمصر
650 0 4 _aالجمعيات الخيرية
650 0 4 _aالاعمال الخيرية
650 0 4 _aمنظمات المجتمع المدنى
942 _2ddc
_cBK
999 _c59983
_d59983